| 000 | 00753nam a2200193 a 4500 | ||
|---|---|---|---|
| 008 | 100211s1974 ||||||||||||||||| || u | ||
| 050 | _aGOV.TAN(08)TP/1 | ||
| 100 | _aSvare, T. I | ||
| 245 | 1 | 0 |
_aBetter burnt bricks _cBy T. I. Svare |
| 260 |
_aDar-es-Salaam _bNational Housing (Tanzania) _c1974 |
||
| 300 | _a36p.: ill. | ||
| 350 | _a0.00 | ||
| 500 | _aTechnical Pamphlet No. 1 | ||
| 650 | _aHOUSING | ||
| 650 | _aPUBLIC HOUSING--TANZANIA | ||
| 650 | _aHOUSING--RESEARCH--TANZANIA | ||
| 710 | _aGovernment of the Republic of Tanzania. Ministry of Lands, Housing and Urban Development | ||
| 995 |
_D0.00 _FCBU-MAIN LIBRARY (Kitwe) _H1 _I0.00 _M1 _UAVAILABLE _WFeb 11, 2010 _ZUniversity Collection |
||
| 999 |
_c35766 _d35766 |
||